| 000 | 00429nam a2200169Ia 4500 | ||
|---|---|---|---|
| 005 | 20240520052500.0 | ||
| 008 | 240331s9999 xx 000 0 und d | ||
| 020 | _a 0415906547 | ||
| 082 |
_bGOT _a335.4 |
||
| 100 | _aGottlieb, s. Roger | ||
| 245 | 0 |
_aMarxism 1844-1990 : _borigins, betrayal,rebirth |
|
| 260 |
_aNew York _bRoutledge _c1992 |
||
| 300 | _axvii, 248 p ., | ||
| 650 | _aSocialism | ||
| 650 | _aHistory | ||
| 942 | _cL | ||
| 999 |
_c2767 _d2767 |
||